000 00696nam a22002297a 4500
003 DO-SdBNP
005 20171129092244.0
008 171116b 1994 nyu ||||| |||| 00| 0 spa d
020 _a 084235929X
040 _aBPMSU
_bspa
_cBPMSU
092 _axxxx
_bxxxx
100 1 _aPhillips, Michael
245 1 0 _aA Rose Remembered /
_cMichael Phillips.
260 _aWheaton, Illinois :
_bTyndale House Publishers,
_c1994.
300 _axiv, 557 p. :
_c21 cm.
490 1 _aSecret of the Rose
_v2
500 _aIncluye datos del autor.
830 0 _aSecret of the Rose
_v2
942 _2ddc
_cBK
945 _aInventariado extranjero / 2017 BT
956 _aLOPEREZ
_b10
_c20171116
_h0041
_iBPMSU
999 _c12908
_d12908